[Event "Titled Tuesday intern op 09th Nov"]
[Site "Chess.com INT"]
[Date "2021.11.09"]
[Round "1"]
[White "Lemos, Dawton Almino"]
[Black "Halvax, Georg"]
[Result "0-1"]
[WhiteElo "2180"]
[BlackElo "2394"]
[PlyCount "48"]
[EventDate "2021.11.09"]
[EventType "swiss (blitz)"]
[EventRounds "11"]
[EventCountry "USA"]
[SourceTitle "CBM 205 Extra"]
[Source "ChessBase"]
[SourceDate "2022.01.31"]
[SourceVersion "1"]
[SourceVersionDate "2022.01.31"]
[SourceQuality "1"]

1. e4 c5 2. Nf3 Nc6 3. Bb5 g6 4. Bxc6 dxc6 5. d3 Bg4 6. h3 Bxf3 7. Qxf3 Bg7 8. Nc3 Nf6 9. Be3 b6 10. Qe2 0-0 11. 0-0 e5 12. f4 exf4 13. Bxf4 Nh5 14. Be3 Qd6 15. Qf2 Rae8 16. Bf4 Nxf4 17. Qxf4 Be5 18. Qd2 Qe6 19. Rae1 Bc7 20. Ne2 Qe5 21. Qf4 Qe7 22. Qg4 f5 23. exf5 Qe5 24. Qf4 Qxf4 0-1

[Event "Titled Tuesday intern op 27th Oct"]
[Site "Chess.com INT"]
[Date "2020.10.27"]
[Round "1"]
[White "Lemos, Dawton Almino"]
[Black "Onischuk, Vladimir"]
[Result "0-1"]
[WhiteElo "2180"]
[BlackElo "2633"]
[PlyCount "94"]
[EventDate "2020.10.27"]
[EventType "swiss (blitz)"]
[EventRounds "11"]
[EventCountry "USA"]
[SourceTitle "CBM 199 Extra"]
[Source "ChessBase"]
[SourceDate "2021.01.31"]
[SourceVersion "1"]
[SourceVersionDate "2021.01.31"]
[SourceQuality "1"]

1. e4 d6 2. d4 g6 3. Nc3 Bg7 4. Nf3 Nf6 5. Be3 0-0 6. Qd2 Ng4 7. Bg5 h6 8. Bh4 Nc6 9. 0-0-0 a6 10. h3 Nf6 11. g4 b5 12. Re1 b4 13. Nd5 Bb7 14. g5 hxg5 15. Bxg5 e6 16. Nxf6+ Bxf6 17. h4 Bxg5 18. hxg5 Kg7 19. Bc4 a5 20. Nh2 Rh8 21. Ng4 e5 22. dxe5 Nxe5 23. Nxe5 dxe5 24. Qe3 Qe7 25. Kb1 Rad8 26. Qf3 Bc8 27. Rd1 Rxd1+ 28. Rxd1 Rh5 29. Rg1 Be6 30. Bxe6 Qxe6 31. Qe3 Rh3 32. f3 Qb6 33. Qxb6 cxb6 34. Rf1 Rg3 35. Kc1 Rxg5 36. Kd2 Rg2+ 37. Kd3 Kf6 38. a3 Ke6 39. a4 f5 40. b3 f4 41. c3 bxc3 42. Kxc3 g5 43. Kc4 Rg3 44. Kb5 g4 45. Kxb6 Rxf3 46. Rg1 Rxb3+ 47. Kxa5 g3 0-1

[Event "Titled Tuesday intern op 7th July"]
[Site "Chess.com INT"]
[Date "2020.07.07"]
[Round "1"]
[White "Lemos, Dawton Almino"]
[Black "Colas, Joshua"]
[Result "0-1"]
[WhiteElo "2180"]
[BlackElo "2255"]
[PlyCount "72"]
[EventDate "2020.07.07"]
[EventType "swiss (blitz)"]
[EventRounds "10"]
[EventCountry "USA"]
[SourceTitle "CBM 197 Extra"]
[Source "ChessBase"]
[SourceDate "2020.09.30"]
[SourceVersion "1"]
[SourceVersionDate "2020.09.30"]
[SourceQuality "1"]

1. e4 c6 2. d4 d5 3. exd5 cxd5 4. c3 Nc6 5. Bd3 g6 6. Bf4 Bg7 7. Nd2 Nh6 8. Ngf3 0-0 9. 0-0 f6 10. Re1 Nf7 11. Bg3 e5 12. dxe5 fxe5 13. Bb5 e4 14. Bxc6 exf3 15. Ba4 fxg2 16. Bb3 Ng5 17. Kxg2 Kh8 18. Nf1 Bh3+ 19. Kh1 d4 20. cxd4 Nf3 21. Re3 Nxd4 22. Rd3 Qb6 23. Ne3 Rad8 24. Kg1 Qc6 25. Bd5 Rxd5 26. Nxd5 Qxd5 27. f3 Nxf3+ 28. Rxf3 Qxf3 29. Qxf3 Rxf3 30. Rd1 Bxb2 31. Rd8+ Kg7 32. Rd7+ Kf8 33. Rd1 Bd4+ 34. Kh1 Rf1+ 35. Rxf1+ Bxf1 36. Bd6+ Kf7 0-1

[Event "Florianopolis op 6th"]
[Site "Florianopolis"]
[Date "2020.01.25"]
[Round "9"]
[White "Lemos, Dawton Almino"]
[Black "Andrade, Guilherme A de Sou"]
[Result "1-0"]
[WhiteElo "2179"]
[BlackElo "1913"]
[PlyCount "45"]
[EventDate "2020.01.20"]
[EventType "swiss"]
[EventRounds "10"]
[EventCountry "BRA"]
[SourceTitle "CBM 194 Extra"]
[Source "ChessBase"]
[SourceDate "2020.03.31"]
[SourceVersion "1"]
[SourceVersionDate "2020.03.31"]
[SourceQuality "1"]

1. e4 c5 2. Nf3 g6 3. d4 cxd4 4. Qxd4 Nf6 5. e5 Nc6 6. Qa4 Nd5 7. Qe4 Nb6 8. Nc3 Bg7 9. Bf4 d5 10. exd6 Bf5 11. Qe2 0-0 12. 0-0-0 exd6 13. Rxd6 Qc8 14. Qd2 Re8 15. Bb5 a6 16. Bxc6 bxc6 17. b3 Bf8 18. Rd1 Bg4 19. Rd4 c5 20. Re4 Rd8 21. Qxd8 Qxd8 22. Rxd8 Rxd8 23. Bc7 1-0

[Event "Florianopolis op 6th"]
[Site "Florianopolis"]
[Date "2020.01.23"]
[Round "6"]
[White "Da Rosa, Henrique Jaze Simoe"]
[Black "Lemos, Dawton Almino"]
[Result "0-1"]
[WhiteElo "1763"]
[BlackElo "2179"]
[PlyCount "69"]
[EventDate "2020.01.20"]
[EventType "swiss"]
[EventRounds "10"]
[EventCountry "BRA"]
[SourceTitle "CBM 194 Extra"]
[Source "ChessBase"]
[SourceDate "2020.03.31"]
[SourceVersion "1"]
[SourceVersionDate "2020.03.31"]
[SourceQuality "1"]

1. Nf3 Nf6 2. c4 e6 3. g3 d5 4. Bg2 Be7 5. 0-0 0-0 6. d4 dxc4 7. Qc2 a6 8. a4 Bd7 9. Qxc4 Bc6 10. Bg5 Bd5 11. Qc2 Be4 12. Qd2 c5 13. dxc5 Nbd7 14. Nc3 Bc6 15. Rfd1 Bxc5 16. Be3 Bb4 17. Qd4 Qa5 18. Rdc1 Rfd8 19. Qh4 Be7 20. Qg5 Nd5 21. Qh5 N7f6 22. Nxd5 Nxh5 23. Nxe7+ Kh8 24. Rc5 Qb4 25. Ne5 Be8 26. Nd3 Qb6 27. Rxh5 Qc7 28. Bc5 f5 29. Rh4 Rxd3 30. exd3 Qxc5 31. Bxb7 Rb8 32. Bxa6 Qxe7 33. a5 Rxb2 34. d4 g5 35. Rh3 0-1

[Event "Florianopolis op 6th"]
[Site "Florianopolis"]
[Date "2020.01.21"]
[Round "3"]
[White "Medrano, Mario"]
[Black "Lemos, Dawton Almino"]
[Result "0-1"]
[WhiteElo "2032"]
[BlackElo "2179"]
[PlyCount "48"]
[EventDate "2020.01.20"]
[EventType "swiss"]
[EventRounds "10"]
[EventCountry "BRA"]
[SourceTitle "CBM 194 Extra"]
[Source "ChessBase"]
[SourceDate "2020.03.31"]
[SourceVersion "1"]
[SourceVersionDate "2020.03.31"]
[SourceQuality "1"]

1. d4 Nf6 2. Nf3 d5 3. g3 e6 4. Bg2 Be7 5. 0-0 0-0 6. b3 b6 7. Ne5 Bb7 8. c4 Qc8 9. Qc2 dxc4 10. bxc4 Bxg2 11. Kxg2 Qb7+ 12. Kg1 c5 13. dxc5 Bxc5 14. Nc3 Nbd7 15. Nxd7 Nxd7 16. Ne4 Bd4 17. Rb1 Nc5 18. Nxc5 Bxc5 19. Rd1 Rfd8 20. Bb2 Rxd1+ 21. Rxd1 Rc8 22. Qd2 Bf8 23. Qg5 Qe4 24. Rd8 Rxd8 0-1

[Event "Titled Tuesday intern op 7th Januar"]
[Site "Chess.com INT"]
[Date "2020.01.07"]
[Round "3"]
[White "Lemos, Dawton Almino"]
[Black "Lopez Idarraga, Daniel Eduardo"]
[Result "0-1"]
[WhiteElo "2179"]
[BlackElo "2009"]
[PlyCount "122"]
[EventDate "2020.01.07"]
[EventType "swiss (blitz)"]
[EventRounds "10"]
[EventCountry "USA"]
[SourceTitle "EXT 2021"]
[Source "ChessBase"]
[SourceDate "2020.10.23"]
[SourceVersion "1"]
[SourceVersionDate "2020.10.23"]
[SourceQuality "1"]

1. e4 c5 2. Nf3 Nc6 3. Bb5 e6 4. 0-0 Nge7 5. Re1 a6 6. Bf1 d5 7. exd5 Nxd5 8. d4 cxd4 9. Nxd4 Bc5 10. Nxc6 Qf6 11. Qe2 bxc6 12. Nd2 Nf4 13. Qf3 Nd5 14. Qxf6 Nxf6 15. Nb3 Bb6 16. Be3 Bxe3 17. Rxe3 Nd5 18. Rd3 Rb8 19. g3 a5 20. a4 0-0 21. Bg2 Ba6 22. Rdd1 Be2 23. Rd2 Bh5 24. Nxa5 Rxb2 25. Nxc6 Bg6 26. Bxd5 exd5 27. Ne7+ Kh8 28. Nxd5 Rxc2 29. Rxc2 Bxc2 30. Ne3 Bd3 31. Rd1 Ba6 32. Rd6 Ra8 33. a5 g6 34. f4 Kg7 35. Ng4 Be2 36. Ne5 f6 37. Rd7+ Kh6 38. Nf7+ Kh5 39. Rd5+ f5 40. Ne5 Rb8 41. Rd7 h6 42. Kf2 Rb2 43. Ke3 Bf1 44. h4 Ra2 45. Rd1 Bg2 46. Rd2 Ra3+ 47. Kd4 Be4 48. Nc4 Rxg3 49. a6 Kxh4 50. a7 Kg4 51. Re2 Rd3+ 52. Kc5 Rd8 53. Nb6 Kxf4 54. Ra2 g5 55. a8Q Bxa8 56. Nxa8 g4 57. Nb6 g3 58. Nd5+ Rxd5+ 59. Kxd5 h5 60. Kd4 h4 61. Kd3 Kf3 0-1

[Event "Fortaleza Gadelha Memorial"]
[Site "Fortaleza"]
[Date "2019.08.18"]
[Round "6"]
[White "Palacio, Igor Da Paz"]
[Black "Lemos, Dawton Almino"]
[Result "1/2-1/2"]
[WhiteElo "2145"]
[BlackElo "2171"]
[PlyCount "139"]
[EventDate "2019.08.15"]
[EventType "swiss"]
[EventRounds "7"]
[EventCountry "BRA"]
[SourceTitle "CBM 191 Extra"]
[Source "ChessBase"]
[SourceDate "2019.09.30"]
[SourceVersion "1"]
[SourceVersionDate "2019.09.30"]
[SourceQuality "1"]

1. Nf3 Nf6 2. g3 d5 3. Bg2 e6 4. d3 c5 5. 0-0 Nc6 6. Nbd2 Be7 7. e4 b6 8. Re1 Bb7 9. a3 Qc7 10. exd5 Nxd5 11. Ne4 Rd8 12. Bd2 0-0 13. Nc3 Bf6 14. Nxd5 Rxd5 15. Rb1 a5 16. Bf4 Qd8 17. Nd2 Rd7 18. a4 Nd4 19. Bxb7 Rxb7 20. Be3 Nc6 21. Nc4 Qd5 22. Qe2 h5 23. Qf1 Ne5 24. Nxe5 Bxe5 25. Qg2 Qxg2+ 26. Kxg2 Bd4 27. Bxd4 cxd4 28. b4 Rc7 29. bxa5 bxa5 30. Re4 Rd8 31. Rb5 Rxc2 32. Rxh5 g6 33. Rhh4 e5 34. Rxe5 Rd2 35. Rxa5 Rxd3 36. Ra7 Rd1 37. Rf4 f5 38. Rh4 d3 39. Rhh7 d2 40. Rag7+ Kf8 41. Rh8+ Kxg7 42. Rxd8 Kf6 43. Kf3 Ra1 44. Rxd2 Rxa4 45. Rd6+ Kg5 46. Rb6 Re4 47. h4+ Kh5 48. Rb8 Kh6 49. Rb7 Ra4 50. Rf7 Rb4 51. Kg2 Rb2 52. Kf3 Rb4 53. Re7 g5 54. Re6+ Kh5 55. hxg5 Kxg5 56. Ra6 Rb3+ 57. Kg2 Rb2 58. Ra8 Rc2 59. Re8 Ra2 60. Re3 Rb2 61. Kf1 Rb1+ 62. Re1 Rxe1+ 63. Kxe1 f4 64. g4 Kxg4 65. Ke2 Kf5 66. Kf3 Ke5 67. Kg4 Ke4 68. Kg5 Kf3 69. Kf5 Kxf2 70. Kxf4 1/2-1/2

[Event "Teresina op 7th"]
[Site "Teresina"]
[Date "2019.08.03"]
[Round "4"]
[White "Lemos, Dawton Almino"]
[Black "Amorim, Gidelson Ferreira"]
[Result "1/2-1/2"]
[WhiteElo "2171"]
[BlackElo "2044"]
[PlyCount "142"]
[EventDate "2019.08.02"]
[EventType "swiss"]
[EventRounds "6"]
[EventCountry "BRA"]
[SourceTitle "EXT 2020"]
[Source "ChessBase"]
[SourceDate "2019.10.17"]
[SourceVersion "1"]
[SourceVersionDate "2019.10.17"]
[SourceQuality "1"]

1. b3 e5 2. Bb2 d6 3. e3 Nf6 4. d4 exd4 5. exd4 d5 6. Nf3 Bd6 7. Be2 0-0 8. 0-0 Re8 9. c4 c6 10. Ne5 Nbd7 11. f4 Ne4 12. Nd2 Nxd2 13. Qxd2 Nf6 14. Bd3 Ne4 15. Bxe4 dxe4 16. Qe2 f6 17. Ng4 Bxg4 18. Qxg4 Bb4 19. a3 Bd2 20. Qe2 e3 21. Rf3 Qe7 22. Rd1 Qe4 23. Bc1 Qxd4 24. g4 Rad8 25. Kg2 Qc3 26. Bxd2 Rxd2 27. Rxd2 Qxd2 28. Qxd2 exd2 29. Rd3 Re3 30. Rd8+ Kf7 31. b4 Rxa3 32. Rxd2 Ke7 33. Re2+ Kd7 34. Rd2+ Kc7 35. Re2 Rd3 36. Re7+ Rd7 37. Re8 b6 38. Kf3 a5 39. bxa5 bxa5 40. c5 Kb7 41. Rh8 h6 42. Re8 Ka6 43. Ke4 Kb5 44. Ra8 a4 45. h4 Kb4 46. h5 a3 47. Kf5 Re7 48. Ra6 Kxc5 49. Rxa3 Kb4 50. Ra8 c5 51. Rb8+ Kc3 52. Kg6 c4 53. Rg8 Kd4 54. Rxg7 Rxg7+ 55. Kxg7 c3 56. g5 fxg5 57. fxg5 hxg5 58. h6 c2 59. h7 c1Q 60. h8Q Qf4 61. Kg6+ Ke4 62. Qh1+ Ke5 63. Qe1+ Kd6 64. Qd1+ Ke7 65. Qe2+ Kf8 66. Kh5 Qh4+ 67. Kg6 Qf4 68. Kh5 Kf7 69. Qg4 Kf6 70. Qxf4+ gxf4 71. Kg4 Ke5 1/2-1/2

[Event "Titled Tuesday intern op 4th Dec"]
[Site "Chess.com INT"]
[Date "2018.12.04"]
[Round "1"]
[White "Lemos, Dawton Almino"]
[Black "Mohammad, Nubairshah Shaikh"]
[Result "0-1"]
[WhiteElo "2168"]
[BlackElo "2437"]
[PlyCount "104"]
[EventDate "2018.12.04"]
[EventType "swiss (blitz)"]
[EventRounds "10"]
[EventCountry "USA"]
[SourceTitle "EXT 2021"]
[Source "ChessBase"]
[SourceDate "2020.10.23"]
[SourceVersion "1"]
[SourceVersionDate "2020.10.23"]
[SourceQuality "1"]

1. e4 c6 2. d4 d5 3. exd5 cxd5 4. c4 Nf6 5. Nc3 e6 6. Nf3 Bb4 7. cxd5 Nxd5 8. Bd2 Nc6 9. Bd3 0-0 10. 0-0 Be7 11. Qe2 Nf6 12. Rad1 Nxd4 13. Nxd4 Qxd4 14. Be3 Qg4 15. f3 Qb4 16. a3 Qa5 17. Nb5 Bd7 18. b4 Qa4 19. Bc1 a5 20. bxa5 Rxa5 21. Nc3 Qd4+ 22. Qe3 Qxe3+ 23. Bxe3 Rxa3 24. Bd4 Rc8 25. Nb1 Rb3 26. Bxf6 Bxf6 27. Bxh7+ Kxh7 28. Rxd7 Kg6 29. Nd2 Rb2 30. Ne4 Bd8 31. Rfd1 Bb6+ 32. Kh1 Be3 33. Nd6 Rcc2 34. Rxb7 Rxg2 35. Rxb2 Rxb2 36. Ne4 Bf4 37. Ng3 Rf2 38. Rd3 f5 39. Kg1 Ra2 40. Nf1 Kf6 41. Rb3 Ke5 42. Kh1 Kf6 43. Kg1 Kg5 44. Kh1 Be5 45. Kg1 Kh4 46. Rb5 Bd4+ 47. Kh1 Rf2 48. Ng3 Rxf3 49. Rb4 e5 50. Kg2 Rf2+ 51. Kh1 g6 52. Ra4 Kh3 0-1

[Event "Fortaleza Cearense-ch"]
[Site "Fortaleza"]
[Date "2018.12.02"]
[Round "9"]
[White "Lemos, Dawton Almino"]
[Black "Albuquerque, Wellington S Jr"]
[Result "0-1"]
[WhiteElo "2168"]
[BlackElo "2181"]
[PlyCount "62"]
[EventDate "2018.11.20"]
[EventType "tourn"]
[EventRounds "9"]
[EventCountry "BRA"]
[SourceTitle "CBM 187 Extra"]
[Source "ChessBase"]
[SourceDate "2018.11.04"]
[SourceVersion "1"]
[SourceVersionDate "2018.11.04"]
[SourceQuality "1"]

1. e4 e5 2. Nf3 Nc6 3. d4 exd4 4. Bc4 Nf6 5. e5 d5 6. Bb5 Ne4 7. Nxd4 Bd7 8. Bxc6 bxc6 9. 0-0 Bc5 10. f3 Ng5 11. Be3 Bb6 12. c3 a5 13. f4 Ne4 14. Nd2 Nxd2 15. Qxd2 0-0 16. f5 Qe8 17. Rae1 c5 18. Bh6 gxh6 19. Qxh6 f6 20. exf6 Qf7 21. Re7 cxd4 22. Rf3 dxc3+ 23. Kh1 cxb2 24. Rb3 Rae8 25. Rg3+ Kh8 26. Qg7+ Qxg7 27. fxg7+ Kg8 28. gxf8Q+ Kxf8 29. Rxe8+ Kxe8 30. Rb3 Bd4 31. g4 Ba4 0-1

[Event "Fortaleza Cearense-ch"]
[Site "Fortaleza"]
[Date "2018.11.21"]
[Round "2"]
[White "Lemos, Dawton Almino"]
[Black "Palacio, Igor Da Paz"]
[Result "1-0"]
[WhiteElo "2168"]
[BlackElo "2093"]
[PlyCount "93"]
[EventDate "2018.11.20"]
[EventType "tourn"]
[EventRounds "9"]
[EventCountry "BRA"]
[SourceTitle "CBM 187 Extra"]
[Source "ChessBase"]
[SourceDate "2018.11.04"]
[SourceVersion "1"]
[SourceVersionDate "2018.11.04"]
[SourceQuality "1"]

1. e4 d6 2. d4 Nf6 3. Nc3 g6 4. Nf3 Bg7 5. Be3 0-0 6. Qd2 a6 7. Bh6 b5 8. Bd3 c5 9. Bxg7 Kxg7 10. dxc5 dxc5 11. e5 Ne8 12. Qe3 Nd7 13. Be4 Rb8 14. 0-0-0 Qa5 15. Kb1 Nc7 16. Bc6 b4 17. Ne4 Nb5 18. Bxd7 Nc3+ 19. bxc3 bxc3+ 20. Ka1 Rb2 21. Nxc3 Rxc2 22. Rc1 Rxc1+ 23. Rxc1 Bxd7 24. Ne4 Be6 25. Qd2 Qa3 26. Qb2 Qa5 27. Nxc5 Bd5 28. Nd7 Rd8 29. Rc5 Qxa2+ 30. Qxa2 Bxa2 31. Kxa2 Rxd7 32. Kb3 f6 33. Kc3 Rd1 34. Ra5 Rf1 35. Ra2 g5 36. e6 Rc1+ 37. Kd2 Rc6 38. Nd4 Rd6 39. Ke3 Kg6 40. g4 h5 41. h3 Rb6 42. Rc2 hxg4 43. hxg4 Rb7 44. Rc8 f5 45. gxf5+ Kf6 46. Ke4 g4 47. Rf8+ 1-0

[Event "Titled Tuesday intern op 5th June"]
[Site "Chess.com INT"]
[Date "2018.06.05"]
[Round "4"]
[White "Lemos, Dawton Almino"]
[Black "Heinemann, Josefine"]
[Result "0-1"]
[WhiteElo "2168"]
[BlackElo "2295"]
[PlyCount "112"]
[EventDate "2018.06.05"]
[EventType "swiss (blitz)"]
[EventRounds "10"]
[EventCountry "USA"]
[SourceTitle "EXT 2021"]
[Source "ChessBase"]
[SourceDate "2020.10.23"]
[SourceVersion "1"]
[SourceVersionDate "2020.10.23"]
[SourceQuality "1"]

1. e4 e5 2. Nf3 Nc6 3. d4 exd4 4. Bc4 Nf6 5. e5 d5 6. Bb5 Ne4 7. Nxd4 Bd7 8. Bxc6 bxc6 9. 0-0 Bc5 10. f3 Ng5 11. Be3 Bb6 12. f4 Ne4 13. Nd2 Nxd2 14. Qxd2 c5 15. Nb3 d4 16. Bf2 Bc6 17. Rfe1 Qd5 18. Bh4 0-0 19. Rad1 c4 20. Nc1 Rfe8 21. Kh1 Qe6 22. b3 c3 23. Qe2 Qd5 24. Nd3 a5 25. a4 f6 26. Qg4 f5 27. Qg3 Re6 28. Bf6 g6 29. Re2 Rf8 30. Rde1 Bc5 31. h4 Be7 32. Bxe7 Rxe7 33. Qg5 h6 34. Qxh6 Rg7 35. Qg5 Re8 36. Kg1 Bb7 37. e6 c5 38. Re5 Qc6 39. Rxc5 Qd6 40. Rce5 Ree7 41. R1e2 Be4 42. Nf2 d3 43. cxd3 Bxd3 44. Re1 c2 45. Qg3 Ba6 46. Qe3 Bb7 47. Rc5 Rc7 48. Rxc7 Qxc7 49. Nd3 Qc6 50. Re2 Re7 51. Nc1 Ba6 52. Re1 Qd5 53. h5 gxh5 54. Qg3+ Rg7 55. Qxg7+ Kxg7 56. e7 Bb7 0-1

[Event "Titled Tuesday intern op 5th June"]
[Site "Chess.com INT"]
[Date "2018.06.05"]
[Round "2"]
[White "Raja, Harshit"]
[Black "Lemos, Dawton Almino"]
[Result "1-0"]
[WhiteElo "2442"]
[BlackElo "2168"]
[PlyCount "61"]
[EventDate "2018.06.05"]
[EventType "swiss (blitz)"]
[EventRounds "10"]
[EventCountry "USA"]
[SourceTitle "EXT 2021"]
[Source "ChessBase"]
[SourceDate "2020.10.23"]
[SourceVersion "1"]
[SourceVersionDate "2020.10.23"]
[SourceQuality "1"]

1. e4 e6 2. d4 d5 3. Nd2 Nf6 4. e5 Nfd7 5. Bd3 c5 6. c3 b6 7. Ne2 Ba6 8. Bxa6 Nxa6 9. 0-0 Be7 10. f4 0-0 11. f5 exf5 12. Rxf5 Nc7 13. Rf1 Ne6 14. Nf3 cxd4 15. cxd4 Rc8 16. Bd2 Qc7 17. Rc1 Qb7 18. Ng3 Rxc1 19. Bxc1 Rc8 20. Nf5 Bf8 21. Ng5 Nxg5 22. Bxg5 Qc6 23. Qg4 Qe6 24. Qg3 Qg6 25. Qg4 Qe6 26. Qf3 Rc2 27. h4 h6 28. Bc1 f6 29. Qg4 Kf7 30. h5 Qe8 31. Qg6+ 1-0

[Event "Titled Tuesday intern op 2nd Jan"]
[Site "Chess.com INT"]
[Date "2018.01.02"]
[Round "5"]
[White "Lemos, Dawton Almino"]
[Black "Matviishen, Viktor"]
[Result "1/2-1/2"]
[WhiteElo "2188"]
[BlackElo "2436"]
[PlyCount "241"]
[EventDate "2018.01.02"]
[EventType "swiss (blitz)"]
[EventRounds "10"]
[EventCountry "USA"]
[SourceTitle "EXT 2021"]
[Source "ChessBase"]
[SourceDate "2020.10.23"]
[SourceVersion "1"]
[SourceVersionDate "2020.10.23"]
[SourceQuality "1"]

1. e4 e5 2. Nf3 Nc6 3. Bb5 Nf6 4. d3 Bc5 5. Bxc6 dxc6 6. Nbd2 Nd7 7. Qe2 0-0 8. Nc4 Re8 9. Bd2 f6 10. h3 Nf8 11. g4 Ne6 12. 0-0-0 b5 13. Ne3 Nf4 14. Qf1 Be6 15. Kb1 Qd7 16. Ng2 Nxg2 17. Qxg2 a5 18. g5 Kh8 19. gxf6 gxf6 20. Nh4 Rg8 21. Qf3 Be7 22. Nf5 a4 23. Rhg1 Bxf5 24. exf5 a3 25. b3 Qd4 26. Bc1 Qd5 27. Qh5 c5 28. Rg4 Raf8 29. Rdg1 Rxg4 30. hxg4 c4 31. Rh1 Qf7 32. Qxf7 Rxf7 33. dxc4 bxc4 34. bxc4 Bc5 35. f3 c6 36. c3 Re7 37. Re1 h5 38. Rh1 e4 39. Rxh5+ Kg7 40. fxe4 Rxe4 41. g5 fxg5 42. Rxg5+ Kf7 43. Kc2 Rxc4 44. Kb3 Re4 45. Bxa3 Bxa3 46. Kxa3 c5 47. Kb3 Kf6 48. Rh5 Ke5 49. f6+ Kd6 50. f7 Rf4 51. Rh6+ Kd5 52. Rh5+ Kc6 53. Rh7 Kb5 54. a4+ Ka5 55. Rh5 Kb6 56. Rh6+ Ka5 57. Rc6 Rxf7 58. Rxc5+ Kb6 59. Rb5+ Ka6 60. Kb4 Rf4+ 61. c4 Rf1 62. Re5 Ra1 63. Re6+ Kb7 64. Kb5 Rb1+ 65. Kc5 Ra1 66. Kb4 Rb1+ 67. Ka5 Rc1 68. Re4 Kc6 69. Rh4 Kc5 70. Rh8 Kc6 71. Rc8+ Kb7 72. Rc5 Rc2 73. Rb5+ Kc6 74. Rb8 Kc7 75. Rb4 Kc6 76. Rb6+ Kc7 77. Rb4 Rh2 78. Kb5 Ra2 79. c5 Rg2 80. a5 Ra2 81. Rb1 Ra3 82. Rh1 Rb3+ 83. Kc4 Ra3 84. Rh7+ Kc6 85. Rh6+ Kc7 86. Kb4 Ra1 87. a6 Rb1+ 88. Kc4 Rc1+ 89. Kd4 Rd1+ 90. Ke5 Re1+ 91. Kd5 Rd1+ 92. Kc4 Rc1+ 93. Kd4 Rd1+ 94. Kc3 Rc1+ 95. Kb4 Rb1+ 96. Ka3 Ra1+ 97. Kb2 Ra5 98. Rh7+ Kb8 99. a7+ Ka8 100. c6 Rb5+ 101. Ka3 Rc5 102. Rc7 Rc1 103. Kb4 Rb1+ 104. Kc5 Rc1+ 105. Kd6 Rd1+ 106. Ke6 Re1+ 107. Kd7 Re7+ 108. Kd6 Re6+ 109. Kc5 Re5+ 110. Kb6 Rb5+ 111. Ka6 Rb6+ 112. Ka5 Rb5+ 113. Ka4 Rb4+ 114. Ka3 Rb3+ 115. Ka2 Rb2+ 116. Ka1 Rb1+ 117. Ka2 Rb2+ 118. Ka3 Rb3+ 119. Ka4 Rb4+ 120. Ka3 Rb3+ 121. Kxb3 1/2-1/2

[Event "Titled Tuesday intern op 12th Dec"]
[Site "Chess.com INT"]
[Date "2017.12.12"]
[Round "5"]
[White "Lemos, Dawton Almino"]
[Black "Swiercz, Dariusz"]
[Result "0-1"]
[WhiteElo "2161"]
[BlackElo "2649"]
[PlyCount "92"]
[EventDate "2017.12.12"]
[EventType "swiss (blitz)"]
[EventRounds "10"]
[EventCountry "USA"]
[SourceTitle "EXT 2021"]
[Source "ChessBase"]
[SourceDate "2020.10.23"]
[SourceVersion "1"]
[SourceVersionDate "2020.10.23"]
[SourceQuality "1"]

1. e4 c6 2. d4 d5 3. exd5 cxd5 4. c4 Nf6 5. Nc3 Nc6 6. Bg5 e6 7. c5 Be7 8. Bb5 0-0 9. Nf3 Bd7 10. Bxc6 bxc6 11. 0-0 h6 12. Bf4 Nh5 13. Be3 Qb8 14. Rb1 Be8 15. b4 f6 16. a4 a6 17. g3 e5 18. Qc2 e4 19. Nd2 f5 20. f4 g5 21. b5 axb5 22. axb5 Qc8 23. Qb3 gxf4 24. Bxf4 Nxf4 25. gxf4 Bf6 26. Ne2 Kh7 27. bxc6 Bxc6 28. Kh1 Qa6 29. Qe3 Qd3 30. Qxd3 exd3 31. Ng3 Bxd4 32. Rb6 Rac8 33. Nb3 Be3 34. Kg2 d2 35. Kf3 d4+ 36. Ke2 Ba4 37. Nxd2 Rxc5 38. Rb7+ Kh8 39. Nf3 Bb5+ 40. Rxb5 Rxb5 41. Ne5 Kh7 42. Ra1 Rb2+ 43. Kd3 Bxf4 44. Ra7+ Kg8 45. Ng6 Bxg3 46. Nxf8 Bb8 0-1

[Event "Cearense-ch"]
[Site "Fortaleza"]
[Date "2017.11.25"]
[Round "8"]
[White "Palacio, Igor Da Paz"]
[Black "Lemos, Dawton Almino"]
[Result "0-1"]
[WhiteElo "2128"]
[BlackElo "2161"]
[PlyCount "68"]
[EventDate "2017.11.15"]
[EventType "tourn"]
[EventRounds "9"]
[EventCountry "BRA"]
[SourceTitle "EXT 2019"]
[Source "ChessBase"]
[SourceDate "2018.10.10"]
[SourceVersion "1"]
[SourceVersionDate "2018.10.10"]
[SourceQuality "1"]

1. f4 d5 2. b3 g6 3. Bb2 Nf6 4. Nf3 Bg7 5. e3 0-0 6. Be2 c5 7. 0-0 Nc6 8. d4 Ne4 9. Ne5 cxd4 10. Nxc6 bxc6 11. Bxd4 f6 12. Nd2 e5 13. Bb2 Nd6 14. fxe5 fxe5 15. Rxf8+ Qxf8 16. c4 Nf5 17. Nf1 Be6 18. cxd5 cxd5 19. Qd2 a5 20. Rc1 Qb4 21. Bc3 Qb6 22. g4 Nxe3 23. Qxe3 d4 24. Qe4 dxc3+ 25. Qe3 Qxe3+ 26. Nxe3 e4 27. Kg2 a4 28. Bc4 Bxc4 29. bxc4 Rc8 30. Kg3 Bd4 31. Nc2 Be5+ 32. Kg2 Rxc4 33. h3 Rc8 34. Rb1 Rd8 0-1